|
|
|
|
| LEADER |
00000nam a2200000 a 4500 |
| 001 |
vtls010565704 |
| 003 |
SK-MaSNL |
| 005 |
20260301150235.0 |
| 008 |
240318s2013 xr hab f 000 0 cze |
| 020 |
|
|
|a 9788072960880
|q (viaz.)
|
| 040 |
|
|
|a SNK
|b slo
|c SNK
|e AACR2
|
| 041 |
0 |
|
|a cze
|
| 044 |
|
|
|a xr
|c CZ
|
| 072 |
|
7 |
|a 671
|x Predmety z drahých kovov
|2 konspekt
|
| 080 |
|
|
|a 549.621.9
|2 2001
|
| 080 |
|
|
|a 671.15
|2 2001
|
| 080 |
|
|
|a 671.12:549.621.9
|2 2001
|
| 080 |
|
|
|a (437.3)
|2 2001
|
| 080 |
|
|
|a (0.062)
|2 2001
|
| 100 |
1 |
|
|a Hanus, Radek,
|d 1977-
|4 aut
|9 200906
|
| 245 |
1 |
0 |
|a Český granát
|b historie, geologie, mineralogie, gemologie a šperkařství
|c Radek Hanus et al.
|
| 246 |
3 |
0 |
|a Historie, geologie, mineralogie, gemologie a šperkařství
|
| 250 |
|
|
|a 1. vyd.
|
| 260 |
|
|
|a Praha
|b Granit
|c 2013
|
| 300 |
|
|
|a 164 s.
|b faks., ilustr., mp., portréty
|c 25 cm
|
| 650 |
0 |
7 |
|a český granát
|2 SNKPH
|9 54868
|
| 650 |
0 |
7 |
|a šperkové kamene
|2 SNKPH
|9 131501
|
| 650 |
0 |
7 |
|a granátové šperky
|2 SNKPH
|9 507192
|
| 650 |
0 |
7 |
|a Czech garnet
|2 SNKPHeng
|9 443307
|
| 650 |
0 |
7 |
|a Jewelry stones
|2 SNKPHeng
|9 410863
|
| 650 |
0 |
7 |
|a Garnet jewellery
|2 SNKPHeng
|9 507193
|
| 655 |
|
7 |
|a populárno-náučné publikácie
|2 SNKPH
|9 70460
|
| 655 |
|
7 |
|a Popular works
|2 SNKPHeng
|9 90287
|
| 919 |
|
|
|a 978-80-7296-088-0
|
| 999 |
|
|
|c 782867
|d 784797
|
| 952 |
|
|
|a SNK
|b SNK
|y VYP
|7 0
|p 17A1094827
|o snkIC 141061
|i snk2014/3622
|8 2
|g 12.70
|0 0
|1 0
|4 0
|d 2013-12-16
|l 0
|r 2026-02-24 01:10:12
|w 2026-02-24
|